FLIMS : Caribbean filmmakers and their movies. Episode 26, Janine Fung /

This episode of Flims is about director, Janine Fung. Title sequence. Keywords: Film Criticism, film.

Bibliographic Details
Other Authors: Laird, Christopher (Producer), Ali, Jonathan (Interviewer)
Format: Video
Language:English
Language Notes:In English.
Published: Trinidad and Tobago : Banyan Productions, 2011.
Subjects:
Online Access:Connect to this streaming video (Alexander Street Press)

MARC

Tag First Indicator Second Indicator Subfields
LEADER 00000cgm a2200000Mi 4500
001 in00005584513
006 m o c
007 cr |n||||||||a
007 vz |za|z|
008 160815s2011 tr 025 e o vleng d
005 20241201232915.0
035 |a (OCoLC)ocn957524517 
040 |a ALSTP  |b eng  |e rda  |e pn  |c ALSTP  |d OCLCF  |d UPM  |d OCLCQ  |d OCLCO  |d WYU  |d OCLCA  |d OCLCQ  |d OCL  |d OCLCO  |d OCLCA  |d OCL  |d OCLCO 
019 |a 957520624 
035 |a (OCoLC)957524517  |z (OCoLC)957520624 
043 |a nw----- 
049 |a TXAM 
245 0 0 |a FLIMS :  |b Caribbean filmmakers and their movies.  |n Episode 26,  |p Janine Fung /  |c produced by Christopher Laird ; a Banyan and Gayelle production. 
246 1 0 |a Janine Fung 
264 1 |a Trinidad and Tobago :  |b Banyan Productions,  |c 2011. 
300 |a 1 online resource (25 min.) 
306 |a 002513 
336 |a two-dimensional moving image  |b tdi  |2 rdacontent 
337 |a video  |b v  |2 rdamedia 
337 |a computer  |b c  |2 rdamedia 
338 |a other  |b vz  |2 rdacarrier 
338 |a online resource  |b cr  |2 rdacarrier 
347 |a data file  |2 rda 
500 |a Title from resource description page (viewed August 15, 2016). 
520 |a This episode of Flims is about director, Janine Fung. Title sequence. Keywords: Film Criticism, film. 
546 |a In English. 
650 0 |a Motion picture industry  |z West Indies. 
650 0 |a Women motion picture producers and directors  |z West Indies  |v Interviews. 
650 6 |a Cinéma  |x Industrie  |z Antilles. 
650 6 |a Productrices et réalisatrices de cinéma  |z Antilles  |v Entretiens. 
650 7 |a Motion picture industry.  |2 fast  |0 (OCoLC)fst01027150 
650 7 |a Women motion picture producers and directors.  |2 fast  |0 (OCoLC)fst01178163 
651 7 |a West Indies.  |2 fast  |0 (OCoLC)fst01243265 
655 7 |a interviews.  |2 aat 
655 7 |a Interviews.  |2 fast  |0 (OCoLC)fst01423832 
655 7 |a Interviews.  |2 lcgft 
655 7 |a Interviews.  |2 rvmgf 
700 1 |a Fung, Janine,  |e interviewee. 
700 1 |a Laird, Christopher,  |e producer,  |e host. 
700 1 |a Ali, Jonathan,  |e interviewee,  |e interviewer. 
710 2 |a Gayelle (Television channel : Trinidad & Tobago),  |e production company. 
710 2 |a Banyan Ltd.,  |e production company. 
856 4 0 |u http://proxy.library.tamu.edu/login?url=https://www.aspresolver.com/aspresolver.asp?MARC;3259465  |z Connect to this streaming video (Alexander Street Press)  |t 0 
955 |a Alexander Street Press subscription streaming video 
994 |a 92  |b TXA 
999 f f |s 2bd40d8b-809a-4770-8410-c0d838d08383  |i 1398bc68-9753-46ea-89f0-ccc0bee3cf5b  |t 0 
952 f f |a Texas A&M University  |b College Station  |c Electronic Resources  |d Available Online  |t 0  |h Library of Congress classification 
998 f f |t 0  |l Available Online